000 00415nam a2200169Ia 4500
008 131103s9999 xx 000 0 und d
040 _aLoreto College
041 _aEnglish
082 _aREF3
_bLCBED/2690
100 _aBoyce, E.R.
245 _aChildren of today
_b book 1
_cE.R.Boyce
260 _aLondon
_bMacmillan
_c1959
300 _a55p.
_c 21cm.
650 _aREF
850 _aLCBED/REF3
942 _cBK
999 _c33610
_d84089